000 00294nam a2200121Ia 4500
008 220216s9999 xx 000 0 und d
100 _aKarunaichamy K.
245 0 _aRainguardinginte sampathika pradhanyam
260 _bRubber
_c2010
300 _a15-17.
700 _aThomas K.U.
942 _cML
999 _c72922
_d72922